| 000 | 00843nas a2200277 4500 | ||
|---|---|---|---|
| 001 | BR0603053 | ||
| 003 | BR-BrBNA | ||
| 005 | 20231205110122.0 | ||
| 007 | ta | ||
| 008 | 230509b bl.|||p| |||| 00| 00por d | ||
| 040 |
_aBR-BrBNA _bpor _cBiblioteca Nacional de Agricultura |
||
| 041 | _a(Pt) | ||
| 072 | _aE70 | ||
| 100 | 1 | _aCoelho Junior, L.M. | |
| 100 | 1 | _aRezende, J.L.P. de | |
| 100 | 1 | _aSáfadi, T. | |
| 100 | 1 | _aCalegário, N. | |
| 245 | 1 | _aAnálise temporal do preço do carvão vegetal oriundo de floresta nativa e de floresta plantada | |
| 650 | _aFLORESTA NATIVA | ||
| 650 | _aCARVÃO VEGETAL | ||
| 650 | _aPREÇO | ||
| 650 | _aMODELO MATEMÁTICO | ||
| 773 | 0 |
_tScientia Forestalis (Brazil) _xISSN 1413-9324 _g(Apr 2006), no. 70 p. 39-48 _wBR0603053 |
|
| 909 |
_a202311 _bLúcia _c55 _dLúcia Elande |
||
| 942 |
_2AGRIS _n0 _cANA |
||
| 999 |
_c186273 _d186273 |
||